| 000 | 01021cam a22002895a 4500 | ||
|---|---|---|---|
| 001 | 16670082 | ||
| 005 | 20161222092805.0 | ||
| 008 | 110228t2011 caua frbd 001 0 eng d | ||
| 010 | _a 2011007301 | ||
| 020 | _a9781412996945 (cloth) | ||
| 020 | _a1412996945 (cloth) | ||
| 035 | _a(OCoLC)ocn704557223 | ||
| 040 |
_aDLC _beng _cDLC _dYDX _dYDXCP _dBWX _dIAD _dCDX _dCTB _dDLC _dEG-ScBUE |
||
| 082 | 0 | 4 |
_a333.703 _bGRE _222 |
| 245 | 0 | 0 |
_aGreen issues and debates : _ban A-to-Z guide / _cHoward S. Schiffman, general editor. |
| 260 |
_aThousand Oaks : _bSage Publications, _cc.2011. |
||
| 300 |
_axxvi, 539 p. : _bill. ; _c26 cm. |
||
| 490 | 0 | _aSage reference series on green society : toward a sustainable future | |
| 500 | _aIncludes glossary. | ||
| 504 | _aIncludes bibliographical references and index. | ||
| 650 | 0 |
_aEnvironmentalism. _2BUEsh |
|
| 651 | _2BUEsh | ||
| 653 |
_bENGGEN _cOctober2016 |
||
| 650 | 0 |
_922976 _aSustainable living _2BUEsh |
|
| 700 | 1 |
_aSchiffman, Howard _q(Howard S.) _eeditor. |
|
| 942 | _2ddc | ||
| 999 |
_c22883 _d22855 |
||